| 000 | 00529nam a2200181Ia 4500 | ||
|---|---|---|---|
| 999 |
_c34301 _d34301 |
||
| 003 | OSt | ||
| 005 | 20200908115756.0 | ||
| 008 | 190216s9999||||xx |||||||||||||| ||und|| | ||
| 020 | _a8187169214 | ||
| 040 | _coclc | ||
| 082 |
_a537.076 _bYUN/P |
||
| 100 |
_aYung-kuo, Lim _94491 |
||
| 245 | 0 |
_aProblems And Solutions On Electromagnetism / _cLim Yung-kuo |
|
| 260 |
_bSarat Book Distributors, _c2002. _aKolkata: |
||
| 300 | _a665p | ||
| 650 | _aPhysics | ||
| 942 |
_cBK _2ddc _h537.076 _iYUN/P _k537.076 _mYUN/P |
||